Countryside & Rights of Way Act 2000: part II of the act - public rights of way and road traffic (Record no. 68201)

MARC details
000 -LEADER
fixed length control field 00974cam a2200241 4500
001 - CONTROL NUMBER
control field ABS64413
008 - FIXED-LENGTH DATA ELEMENTS--GENERAL INFORMATION
fixed length control field 010907n2001 000 0 eng u
035 ## - SYSTEM CONTROL NUMBER
System control number (Sirsi) u114482
100 ## - MAIN ENTRY--PERSONAL NAME
Personal name Pearlman, J
245 ## - TITLE STATEMENT
Title Countryside & Rights of Way Act 2000: part II of the act - public rights of way and road traffic
260 ## - PUBLICATION, DISTRIBUTION, ETC.
Date of publication, distribution, etc. 2001
490 ## - SERIES STATEMENT
Series statement Journal of Planning and Environment Law
Volume/sequential designation [2001] JPL 903-909(4)
520 ## - SUMMARY, ETC.
Summary, etc. Examines the changes made in the CROW Act in order to introduce the right to roam into the statute book. To balance the effect on landownership by giving the public greater access to open countryside, government provided landowners with greater power and control over public rights of way/
590 ## - LOCAL NOTE (RLIN)
Local note ABS
650 ## - SUBJECT ADDED ENTRY--TOPICAL TERM
Topical term or geographic name entry element COUNTRYSIDE AND RIGHTS OF WAY ACT 2000
650 ## - SUBJECT ADDED ENTRY--TOPICAL TERM
Topical term or geographic name entry element RIGHT TO ROAM
650 ## - SUBJECT ADDED ENTRY--TOPICAL TERM
Topical term or geographic name entry element PUBLIC ACCESS
650 ## - SUBJECT ADDED ENTRY--TOPICAL TERM
Topical term or geographic name entry element LANDOWNERS
650 ## - SUBJECT ADDED ENTRY--TOPICAL TERM
Topical term or geographic name entry element RIGHTS OF WAY
650 ## - SUBJECT ADDED ENTRY--TOPICAL TERM
Topical term or geographic name entry element OPEN COUNTRYSIDE
690 ## - LOCAL SUBJECT ADDED ENTRY--TOPICAL TERM (OCLC, RLIN)
Topical term or geographic name as entry element LAW-UK
942 ## - ADDED ENTRY ELEMENTS (KOHA)
Suppress in OPAC 0
Holdings
Withdrawn status Lost status Source of classification or shelving scheme Damaged status Not for loan Home library Current library Shelving location Date acquired Total Checkouts Full call number Barcode Date last seen Copy number Price effective from Koha item type
    Dewey Decimal Classification     London London Journal article 07/09/2001   ABS64413 114482-1001 06/08/2019 1 06/08/2019 Journal article